Наука - Техника - Технологии (Запись № 698461)

Подробности
000 -МАРКЕР
контрольное поле 02083nam0a2200433 4500
001 - ИДЕНТИФИКАТОР ЗАПИСИ
контрольное поле RU\NLR\bibl\427717
005 - ИДЕНТИФИКАТОР ВЕРСИИ
контрольное поле 20260407081247.0
010 ## - МЕЖДУНАРОДНЫЙ СТАНДАРТНЫЙ НОМЕР КНИГИ (ISBN)
Номер (ISBN) 5-89694-041-6
Тираж 100
021 ## - НОМЕР ГОСУДАРСТВЕННОЙ РЕГИСТРАЦИИ
Код страны Российская Федерация
Номер 2003-39519
Номер Листа государственной регистраци 1881
035 ## - ДРУГИЕ СИСТЕМНЫЕ НОМЕРА
Идентификатор записи (NLR Aleph) 000421596
100 ## - ДАННЫЕ ОБЩЕЙ ОБРАБОТКИ
Данные общей обработки 20030812d2002 |||y0rusy50 ca
101 0# - ЯЗЫК РЕСУРСА
Язык текста, звукозаписи и т.д. русский
Язык резюме английский
102 ## - СТРАНА ПУБЛИКАЦИИ ИЛИ ПРОИЗВОДСТВА
Страна публикации Российская Федерация
105 ## - ПОЛЕ КОДИРОВАННЫХ ДАННЫХ: ТЕКСТОВЫЕ МАТЕРИАЛЫ, МОНОГРАФИЧЕСКИЕ
Кодированные данные о монографическом текстовом документе a |||||||||
200 1# - ЗАГЛАВИЕ И СВЕДЕНИЯ ОБ ОТВЕТСТВЕННОСТИ
Основное заглавие Наука - Техника - Технологии
Сведения, относящиеся к заглавию Сб. материалов IV Междунар. науч.-практ. конф.
Первые сведения об ответственности [Редкол.: Г.Т. Ли, д.с.-х.н., проф. и др.]
210 ## - ПУБЛИКАЦИЯ, РАСПРОСТРАНЕНИЕ И ДР.
Место издания, распространения и т.д. Находка
Имя издателя, распространителя и т. д. ИТиБ
Дата издания, распространения и т.д. 2002
215 ## - ФИЗИЧЕСКАЯ ХАРАКТЕРИСТИКА
Специфическое обозначение материала и объем 130 с.
Другие сведения о физической характеристике ил.
Размеры 21
300 ## - ОБЩИЕ ПРИМЕЧАНИЯ
Текст примечания В надзаг.: М-во образования Рос. Федерации, Ин-т технологии и бизнеса
300 ## - ОБЩИЕ ПРИМЕЧАНИЯ
Текст примечания Рез. на англ. яз.
320 ## - ПРИМЕЧАНИЯ О НАЛИЧИИ В ДОКУМЕНТЕ БИБЛИОГРАФИИ / УКАЗАТЕЛЯ
Текст примечания Библиогр. в конце докл.
606 0# - НАИМЕНОВАНИЕ ТЕМЫ КАК ПРЕДМЕТ
Наименование темы Техника
Формальный подзаголовок Съезды, совещания и т.п.
Системный номер авторитетной/нормативной записи 1247040
Идентификатор авторитетной/нормативной записи RU\NLR\auth\66510030
606 0# - НАИМЕНОВАНИЕ ТЕМЫ КАК ПРЕДМЕТ
Наименование темы Технологические процессы
Формальный подзаголовок Съезды, совещания и т.п.
Системный номер авторитетной/нормативной записи 1963949
Идентификатор авторитетной/нормативной записи RU\NLR\auth\66899282
606 0# - НАИМЕНОВАНИЕ ТЕМЫ КАК ПРЕДМЕТ
Наименование темы Наука
Формальный подзаголовок Сборники
Системный номер авторитетной/нормативной записи 1063426
Идентификатор авторитетной/нормативной записи RU\NLR\auth\6694640
606 0# - НАИМЕНОВАНИЕ ТЕМЫ КАК ПРЕДМЕТ
Наименование темы Наука
Формальный подзаголовок Съезды, совещания и т.п.
Системный номер авторитетной/нормативной записи 1063426
Идентификатор авторитетной/нормативной записи RU\NLR\auth\6694640
686 ## - ИНДЕКСЫ ДРУГИХ КЛАССИФИКАЦИЙ
Индекс Ж.я431(0)
686 ## - ИНДЕКСЫ ДРУГИХ КЛАССИФИКАЦИЙ
Индекс Ж6я431(0)
686 ## - ИНДЕКСЫ ДРУГИХ КЛАССИФИКАЦИЙ
Индекс Ч21я431
702 #1 - ИМЯ ЛИЦА - ВТОРИЧНАЯ ОТВЕТСТВЕННОСТЬ
Код отношения Редактор
Материалы, к которым относится поле rus
Графика поля Кириллица
Начальный элемент ввода Тян-Ли
Дополнения к именам, кроме дат псевдоним
Идентификатор авторитетной/нормативной записи RU\NLR\AUTH\77110162
Системный номер авторитетной/нормативной записи 93087
711 12 - НАИМЕНОВАНИЕ ОРГАНИЗАЦИИ - АЛЬТЕРНАТИВНАЯ ОТВЕТСТВЕННОСТЬ
Начальный элемент ввода "Наука - техника - технологии", международная научно-практическая конференция
Порядковый номер временной организации и / или порядковый номер ее части 4
Дата проведения временной организации 2002
Место проведения временной организации Находка
Идентификатор авторитетной/нормативной записи RU\NLR\AUTH\8810041737
Системный номер авторитетной/нормативной записи 582819
712 02 - НАИМЕНОВАНИЕ ОРГАНИЗАЦИИ - ВТОРИЧНАЯ ОТВЕТСТВЕННОСТЬ
Код отношения Издающая организация
Начальный элемент ввода Институт технологии и бизнеса
Идентифицирующий признак Находка
Идентификатор авторитетной/нормативной записи RU\NLR\AUTH\8810029044
Системный номер авторитетной/нормативной записи 556653
801 #0 - ИСТОЧНИК ЗАПИСИ
Страна Российская Федерация
Организация NLR
Дата составления 20030812
Правила каталогизации PSBO
801 #1 - ИСТОЧНИК ЗАПИСИ
Страна Российская Федерация
Организация NLR
Дата составления 20030812
942 ## - ДОПОЛНИТЕЛЬНЫЕ ЭЛЕМЕНТЫ ЗАПИСИ (АБИС)
Тип экземпляра АБИС Книга
980 ## - КОЛЛЕКЦИЯ
Название коллекции Национальная библиография
980 ## - КОЛЛЕКЦИЯ
Название коллекции НБР
Экземпляры
Тип экземпляра Дата поступления Источник поступления Библиотека постоянного хранения Библиотека текущего хранения Место хранения Шифр хранения Штрих-код Статус экземпляра
Книга 12.08.2003 Обязательный экземпляр РНБ (Московский) РНБ (Московский) Русский книжный фонд: издания с 1957 года 2003-3/19883 532060  
Книга 12.08.2003 Обязательный экземпляр РНБ (Московский) РНБ (Московский) Русский книжный фонд: издания с 1957 года 2003-3/19883 532061